[Event "It (cat.10)"]
[Site "masterchessopen.com New York (USA)"]
[Round "5"]
[White "Yudasin Leonid (ISR)"]
[Black "Paschall William M (USA)"]
[Result "1-0"]
[WhiteElo "2547"]
[BlackElo "2394"]

{ Yudasin Leonid (ISR) +4 =0 -1 Paschall William M (USA) +1 =3 -2 } 1.e4 c5
2.Nf3 Nc6 3.d4 cxd4 4.Nxd4 Nf6 5.Nc3 d6 6.Bg5 e6 7.Qd2 Qb6 8.Bxf6 ( 8.Nb3 Be7
9.O-O-O O-O 10.f3 Rd8 11.Nb5 Rd7 12.Qe1 a6 13.N5d4 Qc7 14.h4 Ne5 15.Kb1 b5
16.g4 d5 17.Bxf6 gxf6 18.f4 Ng6 19.f5 Nf4 20.g5 e5 21.Qg3 Kh8 22.g6 Bf8
23.gxh7 Ng6 24.fxg6 exd4 25.g7+ Bxg7 26.Qg2 f5 27.exf5 Rd8 { ...1-0, Anand
Viswanathan 2762 - Avrukh Boris 2625 , Haifa 2000 It (active) } ) 8...gxf6
9.Nb3 a6 { = } ( 9...Bd7 10.f4 Rc8 11.Be2 a6 12.Bh5 Na5 13.O-O-O Nc4 14.Qd4
Qxd4 15.Nxd4 b5 16.Rhe1 b4 17.Nb1 Ke7 18.Nd2 Bh6 19.g3 Rc5 20.Nxc4 Rxc4 21.Kb1
Rc5 22.Be2 Ra8 23.Rd3 a5 24.Red1 a4 25.Bf3 Ra6 26.Rc1 a3 27.bxa3 Rxa3 28.Rxa3
bxa3 29.c4 { ...0-1, Sirigos Nikolaos 2290 - Vragoteris Antonios 2325 , Athens
1996 Ch Greece } ) 10.Be2 ( 10.O-O-O Bd7 11.f4 h5 12.Be2 O-O-O 13.Bf3 Ne5
14.Be2 Kb8 15.Kb1 Nc6 16.Rhf1 h4 17.Qe1 Rc8 18.Rf3 Qa7 19.Rh3 Be7 20.Rxh4 Rxh4
21.Qxh4 b5 22.a3 f5 23.Qg3 fxe4 24.Nxe4 Qc7 25.Qd3 Rd8 26.g3 Bc8 27.Qc3 Bb7
28.Ng5 Bxg5 29.fxg5 Ne5 { ...1-0, Tiviakov Sergei 2608 - Conquest Stuart 2529
, Saint Vincent 2000 Ch Europe } ) 10...h5 11.f4 { N } ( 11.h4 Bd7 ( 11...Ne5
12.f4 Nd7 13.O-O-O Qc7 14.Kb1 b5 15.Bf3 b4 16.Ne2 e5 17.Qxb4 a5 18.Qd2 a4
19.Nbc1 Nb6 20.Ng3 Nc4 21.Qc3 Rb8 22.Nd3 d5 23.exd5 Rxb2+ 24.Ka1 Ba3 25.Ne4
Rb6 26.Rb1 Ba6 27.Rxb6 Qxb6 28.Rb1 Qd8 29.fxe5 fxe5 30.Nxe5 Qc8 { ...1-0, Jose
Manuel Fernandez Valles - Luis Lajara, Spain 1995 Ch Spain (team) (2 div) } )
12.g3 O-O-O 13.a4 Na5 14.Nd5 exd5 15.Nxa5 dxe4 16.Ra3 e3 17.Rxe3 Bh6 18.f4
Bxa4 19.Re4 Bb5 20.Bxb5 axb5 21.Kd1 Rhe8 22.Rhe1 Rxe4 23.Rxe4 d5 24.Re1 d4
25.Nb3 f5 26.Qd3 Kb8 27.Kc1 Bg7 28.Kb1 Qc6 29.Re7 Re8 30.Rxe8+ Qxe8 { ...1-0,
Mainka Romuald 2515 - Twardon Marian 2355 , Katowice 1993 It (open) } ) (
11.Qf4 Qd8 { +0.52 CAP } ) 11...Bd7 12.O-O-O O-O-O 13.Rhf1 Kb8 ( 13...Be7
14.Kb1 Kb8 15.Rf3 Rdg8 16.Bf1 Bc8 17.Qe1 h4 18.Rd2 Rg7 19.Rff2 Na5 20.Nd1 Nxb3
21.axb3 Qc5 22.c3 b5 23.b4 Qb6 24.Ne3 Bb7 25.Bd3 Rgg8 26.Bc2 Bc8 27.Rd4 Rd8
28.Rfd2 Qc6 29.Qd1 Bf8 30.c4 Be7 31.c5 Kc7 32.Nd5+ exd5 33.exd5 { ...0-1,
Tiviakov Sergei 2635 - Gulko Boris F 2635 , Groningen 1993 Ch World (qual)
(PCA) } ) 14.Kb1 Be7 15.Rf3 ( 15.Bf3 h4 16.Qe1 Na7 17.e5 Bc6 18.Bxc6 Nxc6
19.exd6 Rxd6 20.Rxd6 Bxd6 21.Ne4 Be7 22.f5 exf5 23.Rxf5 Rg8 24.Qf1 Qc7 25.h3
Qh2 26.Rf2 Qe5 27.Ned2 Qg3 28.a3 Ne5 29.Ka2 Qg6 30.Nc4 Nc6 31.Ne3 Qe4 32.Nf5
Bd8 33.Re2 Qd5 34.Rd2 Qe4 { ...1-0, Sulskis Sarunas 2510 - Gallagher Joseph G
2525 , Pula 1997 Ch Europe (team) } ) 15...Rdg8 ( 15...Rc8 16.Rh3 Na5 17.Bxh5
Nc4 18.Qe1 d5 19.exd5 Bb4 20.g4 e5 21.fxe5 Rxh5 22.Rxh5 Bxg4 23.Rh6 Bxd1
24.Rxf6 Bxc3 25.bxc3 Qe3 26.Qxe3 Nxe3 27.d6 Bxc2+ 28.Kc1 Bxb3 29.axb3 Ng4
30.Rxf7 Nxe5 31.Re7 Rxc3+ 32.Kd2 Rd3+ 33.Kc2 Rd5 34.Re8+ Ka7 35.h4 { ...0-1,
Kersten Uwe 2366 - Gutman Lev 2471 , Altenkirchen 1999 Ch Germany } ) (
15...h4 16.Bf1 Rh5 17.Rh3 Rdh8 18.Qe1 Na5 19.Be2 R5h6 20.Na4 Bxa4 21.Qxa5 Qxa5
22.Nxa5 Rc8 23.Nb3 Bc6 24.Bf3 Rg8 25.Nd4 Bd7 26.g4 Bd8 27.Be2 Bc7 28.Rb3 Ka7
29.h3 Rhh8 30.Rf3 Rc8 31.Bc4 Bb6 32.Bb3 Rhe8 33.a4 Rc5 34.f5 Re5 35.Rf4 {
...1/2-1/2, Stripunsky Alexander 2480 - Jakobsen Ole 2370 , Copenhagen 1994 It
(open) } ) 16.Bf1 Rc8 { +0.45 CAP } ( 16...Bc8 17.Qe1 h4 18.Rd2 Rg7 19.Rff2
Na5 20.Nd1 Nxb3 21.axb3 Qc5 22.c3 b5 23.b4 Qb6 24.Ne3 Bb7 25.Bd3 Rgg8 26.Bc2
Bc8 27.Rd4 Rd8 28.Rfd2 Qc6 29.Qd1 Bf8 30.c4 Be7 31.c5 Kc7 32.Nd5+ exd5 33.exd5
Qb7 34.c6 Qa7 35.f5 Rde8 36.Re2 { ...0-1, Tiviakov Sergei 2635 - Gulko Boris F
2635 , Groningen 1993 Ch World (qual) (PCA) } ) ( 16...h4 17.Rh3 Na5 18.Qe1
Nxb3 19.axb3 Rg4 20.g3 Rgg8 21.gxh4 Bf8 22.Na4 Bxa4 23.bxa4 Rg1 24.Rb3 Qc5
25.Qe2 Qa5 26.Qc4 Be7 27.Qc6 Qc7 28.Qxa6 Rxh4 29.Qb5 Rxf4 30.a5 Rg5 31.Qe8+
Qd8 32.Qxd8+ Bxd8 33.a6 b6 34.Bb5 Bc7 35.Rd4 Ka7 36.Rc4 { ...1/2-1/2,
Stripunsky Alexander 2495 - Loginov Valery A 2525 , Kazan 1995 Ch Russia
(club) } ) ( 16...Rg4 17.a3 Bc8 18.Na4 Qc7 19.Qf2 b5 20.Nc3 Qa7 21.Qe1 Rhg8
22.a4 b4 23.Na2 a5 24.Bb5 Bb7 25.Bxc6 Bxc6 26.Nxa5 Qxa5 27.Nxb4 Kb7 28.Rb3
Qxa4 29.Nxc6+ Kxc6 30.Qc3+ Kd7 31.Rb7+ Ke8 32.Qc8+ Bd8 33.b3 { 1-0, Alekseev
Evgeny 2580 - Saulin Dmitri 2445 , Tula 2002 Cup Russia (open) } ) 17.Rd3 { N
} 17...Rc7 18.Rh3 Rcc8 19.Qe2 h4 { ?! } ( 19...Na7 { !? } 20.Qe1 Nb5 21.Nxb5
axb5 { } ) 20.Qe1 Nb4 21.Rxh4 Rxh4 { ?! } ( 21...f5 { !? } 22.Rxh8 Rxh8
23.exf5 Rxh2 { } ) 22.Qxh4 a5 23.Qh5 { ?! } ( 23.Qh7 { !? } 23...Qf2 24.Nd2
Be8 25.f5 { } ) 23...a4 24.Qa5 Qxa5 25.Nxa5 Rc5 26.Nc4 Kc7 27.a3 Na6 28.g4 { }
{#r} 1-0

[Event "It (open) \"]
[Site "masterchessopen.com Omis (Croatia)"]
[Round "1"]
[White "Zufic Miroslav (CRO)"]
[Black "Zaper Emir (CRO)"]
[Result "1-0"]
[WhiteElo "2370"]
[BlackElo "1790"]

1.e4 c5 2.Nf3 Nc6 3.d4 cxd4 4.Nxd4 d6 5.Nc3 Nf6 6.Bg5 e6 7.Qd2 h6 8.Bxf6 gxf6
9.O-O-O a6 10.f4 Bd7 11.f5 Qb6 12.Nce2 h5 13.Kb1 Ne5 14.Nf4 Bh6 15.g3 O-O-O
16.Bh3 exf5 17.Bxf5 Kb8 18.Bxd7 Rxd7 19.Nd5 Qc5 20.Qe2 Rc8 21.Nxf6 Rdd8 22.Nf5
Bf8 23.c3 Qc4 24.Qxc4 Rxc4 25.Rd4 Rxd4 26.cxd4 Nf3 27.Kc2 Kc7 28.Kd3 Rc8
29.Rc1+ Kd8 30.Rxc8+ Kxc8 31.Nh7 {#r} 1-0

[Event "Ch Europe (team)"]
[Site "masterchessopen.com Plovdiv (Bulgaria)"]
[Round "3"]
[White "Kristjansson Stefan (ISL)"]
[Black "Muir Andrew J (SCO)"]
[Result "1-0"]
[WhiteElo "2444"]
[BlackElo "2322"]

1.e4 c5 2.Nf3 Nc6 3.d4 cxd4 4.Nxd4 Nf6 5.Nc3 d6 6.Bg5 e6 7.Qd2 Be7 8.O-O-O O-O
9.f3 a6 10.Kb1 Nxd4 11.Qxd4 b5 12.h4 Qa5 13.Qd2 b4 14.Ne2 Qc7 15.g4 Bb7 16.Nd4
Rac8 17.h5 Bxe4 18.h6 g6 19.Bxf6 Bxf6 20.fxe4 Bxd4 21.Bxa6 Be5 22.Bxc8 Rxc8
23.Rhf1 Ra8 24.Rf3 Ra4 25.Rdf1 Qc4 26.Qd3 Qxa2+ 27.Kc1 Qxb2+ 28.Kd2 Ra3 29.Qc4
Bc3+ 30.Kd3 Bg7+ 31.Ke2 Bxh6 32.Qc8+ Bf8 33.Rxf7 {#r} 1-0

[Event "Ch Croatia (team) (1st league)"]
[Site "masterchessopen.com Rabac (Croatia)"]
[Round "5"]
[White "Zufic Miroslav (CRO)"]
[Black "Jankovic Alojzije (CRO)"]
[Result "1-0"]
[WhiteElo "2370"]
[BlackElo "2477"]

1.e4 c5 2.Nf3 d6 3.d4 cxd4 4.Nxd4 Nf6 5.Nc3 Nc6 6.Bg5 e6 7.Qd2 h6 8.Bxf6 gxf6
9.O-O-O a6 10.f4 Qb6 11.Nf3 h5 12.g3 Bd7 13.Kb1 O-O-O 14.Bh3 Kb8 15.f5 Ne5
16.Qe2 Bh6 17.Nxe5 dxe5 18.Rd3 Bg5 19.Rhd1 Kc7 20.a3 h4 21.gxh4 Bxh4 22.Qd2
{#r} 1-0

[Event "Ch Ukraine"]
[Site "masterchessopen.com Simferopol (Ukraine)"]
[Round "3"]
[White "Lahno Igor (UKR)"]
[Black "Truskavetsky Alexandr (UKR)"]
[Result "0-1"]
[WhiteElo "2163"]
[BlackElo "2364"]

1.e4 c5 2.Nf3 d6 3.d4 cxd4 4.Nxd4 Nf6 5.Nc3 e6 6.Bg5 Nc6 7.Qd2 Be7 8.O-O-O O-O
9.Bc4 d5 10.exd5 exd5 11.Bb3 Nxd4 12.Qxd4 Be6 13.f3 Qa5 14.Qa4 Qb6 15.Bxf6
Bxf6 16.Nxd5 Bxd5 17.Rxd5 Qf2 18.Qg4 Rae8 19.Rhd1 Re2 20.Rd7 Qe3+ 21.Kb1 Qe5
22.c3 Rxb2+ 23.Kxb2 Qxc3+ 24.Ka3 b5 25.R1d4 a5 26.Qf4 b4+ 27.Ka4 Qc6+ 28.Kxa5
Qc5+ 29.Ka6 Ra8+ 30.Kb7 Ra7+ 31.Kb8 Qb6+ 32.Kc8 Ra8+ {#R} 0-1

[Event "It (young masters) (cat.5)"]
[Site "masterchessopen.com Zug (Switzerland)"]
[Round "9"]
[White "Widmer Simon (SUI)"]
[Black "Berkvens Joost (NED)"]
[Result "0-1"]
[WhiteElo "2199"]
[BlackElo "2453"]

1.e4 c5 2.Nf3 d6 3.d4 cxd4 4.Nxd4 Nf6 5.Nc3 Nc6 6.Bg5 e6 7.Qd2 Be7 8.O-O-O Qb6
9.f4 O-O 10.Nxc6 bxc6 11.e5 dxe5 12.fxe5 Nd5 13.Nxd5 Bxg5 14.Qxg5 exd5 15.Rd3
Rb8 16.Rb3 Qa5 17.c3 Rxb3 18.axb3 Qa1+ 19.Kc2 f6 20.exf6 Rxf6 {#R} 0-1

[Event "It (open)"]
[Site "masterchessopen.com Zurich (Switzerland)"]
[Round "2"]
[White "Kveinys Aloyzas (LTU)"]
[Black "Armbrust Florian (GER)"]
[Result "1-0"]
[WhiteElo "2531"]
[BlackElo "2268"]

1.e4 c5 2.Nf3 d6 3.d4 cxd4 4.Nxd4 Nf6 5.Nc3 Nc6 6.Bg5 e6 7.Qd2 Be7 8.O-O-O
Nxd4 9.Qxd4 O-O 10.f3 a6 11.h4 Qa5 12.Bd2 Qc7 13.h5 Nd7 14.Be3 Rd8 15.h6 Bf6
16.Qxd6 Qa5 17.Qg3 g6 18.Qe1 Bxc3 19.Qxc3 Qxc3 20.bxc3 b5 21.c4 b4 22.c5 Bb7
23.Rd6 Rac8 24.Be2 Kf8 25.Rhd1 Ke7 26.Bc4 Rc6 27.Bg5+ f6 28.Rxc6 Bxc6 29.Rd6
fxg5 30.Rxe6+ {#r} 1-0

[Event "It (open)"]
[Site "masterchessopen.com Zalakaros (Hungary)"]
[Date "2003.05.21"]
[Round "6"]
[White "Sikula Vaszilij (UKR)"]
[Black "Zakharchenko Arnold (UKR)"]
[Result "1-0"]
[WhiteElo "2432"]
[BlackElo "2302"]

1.e4 c5 2.Nf3 Nc6 3.d4 cxd4 4.Nxd4 Nf6 5.Nc3 d6 6.Bg5 e6 7.Qd2 h6 8.Bxf6 gxf6
9.O-O-O a6 10.f4 Qb6 11.Nb3 Na5 12.Be2 h5 13.Kb1 Nxb3 14.cxb3 Bd7 15.f5 Bh6
16.Qd3 Bf4 17.Bxh5 Rxh5 18.Qf3 Rxh2 19.Qxf4 Rxh1 20.Rxh1 Ke7 21.fxe6 Bxe6
22.Nd5+ Bxd5 23.exd5 Qa5 24.Qe4+ Kd7 25.Qf5+ Ke7 26.Rf1 Rf8 27.a3 Qd2 28.Rc1
{#r} 1-0

[Event "It (b)"]
[Site "masterchessopen.com Balatonlelle (Hungary)"]
[Date "2003.06.21"]
[Round "1"]
[White "Boros Denes (HUN)"]
[Black "Wittmann Walter (AUT)"]
[Result "1-0"]
[WhiteElo "2414"]
[BlackElo "2339"]

1.e4 c5 2.Nf3 d6 3.d4 cxd4 4.Nxd4 Nf6 5.Nc3 Nc6 6.Bg5 e6 7.Qd2 Be7 8.O-O-O
Nxd4 9.Qxd4 O-O 10.f3 Bd7 11.h4 Bc6 12.Kb1 Qa5 {#r} 1-0

[Event "Tournament"]
[Site "masterchessopen.com Clichy (France)"]
[Date "2003.10.16"]
[Round "1"]
[White "Caroll John (FRA)"]
[Black "Sazerac Amelie"]
[Result "1-0"]
[WhiteElo "1768"]
[BlackElo "1640"]

1.e4 c5 2.Nf3 Nc6 3.d4 cxd4 4.Nxd4 Nf6 5.Nc3 d6 6.Bg5 e6 7.Qd2 h6 8.Bxf6 Qxf6
9.Ndb5 Qe5 10.Nc7+ Kd8 11.Nxa8 Be7 12.f4 Qc5 13.O-O-O a6 14.Na4 b5 {#r} 1-0

[Event "Ch Ukraine (juniors) (under 20) (1/2 final)"]
[Site "masterchessopen.com Ternopol (Ukraine)"]
[Date "2003.12.16"]
[Round "6"]
[White "Kurilenko Vladimir (UKR)"]
[Black "Truskavetsky Alexandr (UKR)"]
[Result "0-1"]
[WhiteElo "2136"]
[BlackElo "2364"]

1.e4 c5 2.Nf3 Nc6 3.d4 cxd4 4.Nxd4 Nf6 5.Nc3 d6 6.Bg5 e6 7.Qd2 Be7 8.O-O-O O-O
9.Nb3 Qb6 10.f3 Rd8 11.Be3 Qc7 12.Qf2 Bd7 13.g4 Ne5 14.g5 Ne8 15.h4 Rdc8 16.h5
a5 17.Bb6 Qb8 18.Nxa5 Bxg5+ 19.f4 Ng4 20.Qf3 Bd8 21.Bxd8 Rxd8 22.Nc4 b5
23.Nxd6 Nxd6 24.Qxg4 b4 25.h6 g6 26.Nb1 Nxe4 27.Bg2 Bc6 28.Qh4 Qc7 29.Rd3 Rxd3
30.Bxe4 Bxe4 31.Qf6 Rd1+ 32.Kxd1 Qd8+ {#R} 0-1

[Event "It (open)"]
[Site "masterchessopen.com Belgrade (Yugoslavia)"]
[Date "2004.01.22"]
[Round "2"]
[White "Andrijevic Milan (SRB)"]
[Black "Damjanovic Lazar (SRB)"]
[Result "1-0"]
[WhiteElo "2402"]
[BlackElo "2111"]

1.e4 c5 2.Nf3 d6 3.d4 cxd4 4.Nxd4 Nf6 5.Nc3 Nc6 6.Bg5 e6 7.Qd2 Be7 8.O-O-O O-O
9.Nb3 Qb6 10.f3 a6 11.Be3 Qc7 12.g4 b5 13.g5 Nd7 14.f4 Bb7 15.Bd3 Nc5 16.Kb1
Rfd8 17.Qf2 Nb4 18.Rhg1 Rac8 19.f5 d5 20.f6 Bf8 21.fxg7 Bd6 22.e5 Nbxd3
23.cxd3 d4 24.exd6 dxe3 25.dxc7 exf2 26.cxd8=Q+ Rxd8 27.Rgf1 Nxd3 28.Nc5 Bg2
29.Rxf2 {#r} 1-0

[Event "It (cat.13)"]
[Site "masterchessopen.com Wijk aan Zee (Netherlands)"]
[Date "2004.01.25"]
[Round "13"]
[White "Dominguez Lenier (CUB)"]
[Black "Nijboer Friso (NED)"]
[Result "1-0"]
[WhiteElo "2645"]
[BlackElo "2567"]

{ } 1.e4 { 1 } 1...c5 2.Nf3 Nc6 3.d4 cxd4 4.Nxd4 Nf6 5.Nc3 d6 6.Bg5 e6 7.Qd2
Be7 8.O-O-O O-O 9.f3 a6 10.h4 { = } 10...Nxd4 ( 10...Qc7 11.Kb1 Nxd4 12.Qxd4
b5 13.h5 h6 14.Bh4 Bb7 15.g4 b4 16.Na4 Rab8 17.b3 Rfd8 18.Bd3 a5 19.g5 hxg5
20.Bxg5 e5 21.Qe3 Nh7 22.Bxe7 Qxe7 23.Rdg1 Kh8 24.Nb6 Qf6 25.Bc4 Bc6 26.Nd5
Bxd5 27.Bxd5 Rd7 28.Rg4 Qh6 29.Qg1 Nf6 30.Rg5 { ...1/2-1/2, Herrera Irisberto
2457 - Kacheishvili Giorgi 2583 , Linares 2001 It (open) } ) 11.Qxd4 Qa5 (
11...b5 12.Kb1 Qc7 13.h5 h6 14.Bh4 Bb7 15.Ne2 Rac8 16.Qd2 Rfd8 17.Re1 e5
18.Bxf6 Bxf6 19.Nc3 Bg5 20.Qd1 Qa5 21.Nd5 Bxd5 22.exd5 Rxc2 23.Kxc2 Qxa2 24.f4
Rc8+ 25.Kd2 Bxf4+ 26.Ke2 Qxb2+ 27.Kf3 Rc1 { 0-1, Ivanchuk Vassily 2730 - Anand
Viswanathan 2795 , Linares 1998 It (cat.21) } ) ( 11...Qc7 12.Kb1 b5 13.Qd2 b4
14.Ne2 Rb8 15.g4 a5 16.Nd4 a4 17.Bd3 e5 18.Nf5 Bxf5 19.gxf5 a3 20.b3 d5
21.Rhg1 Kh8 22.h5 Rfd8 23.h6 g6 24.Qe1 Rb6 25.Rg2 gxf5 26.exf5 e4 27.fxe4 Qe5
28.Bc1 dxe4 29.Bc4 Rxd1 30.Qxd1 e3 31.Qg1 { ...0-1, Benjamin Joel 2577 - Gulko
Boris F 2643 , Seattle 2000 Ch USA } ) 12.Kb1 b5 13.Qd2 ( 13.a3 Bb7 14.g4 Rac8
15.Bd2 Qc7 16.g5 Nd7 17.Be3 d5 18.exd5 Bxd5 19.Bf4 Qc6 20.Nxd5 Qxc2+ 21.Ka2
exd5 22.Rc1 Bc5 23.Qxd5 Qa4 24.Qe4 Qxe4 25.fxe4 Bd4 26.Bh3 Rxc1 27.Rxc1 Nb6
28.Rd1 Bf2 29.h5 Re8 30.h6 a5 31.Be5 f6 32.gxf6 gxf6 { ...1-0, Paehtz
Elisabeth 2343 - Plachkinova Tatjana Georgieva 2171 , Yerevan 2000 Ch World
(juniors) (under 20) (g) } ) ( 13.g4 b4 14.Ne2 e5 15.Qd2 Be6 16.Nc1 Rfd8
17.Bxf6 Bxf6 18.g5 Be7 19.Bh3 d5 20.Bxe6 fxe6 21.exd5 Rxd5 22.Qe2 Rad8 23.Rxd5
Rxd5 24.Rd1 Rxd1 25.Qxd1 Qd5 26.Qe2 Qd4 27.Qxa6 Kf7 28.a3 bxa3 29.Nd3 axb2
30.Qb5 Kf8 31.Qb8+ Qd8 32.Qxe5 Qa8 { ...1-0, De La Riva Aguado Oscar 2510 -
Siegel Georg 2495 , France 1998 Ch France (team) 1997/98 } ) 13...b4 14.Ne2 e5
( 14...Bb7 15.Nd4 Rfc8 16.Bd3 Qc7 17.g4 a5 18.Be3 e5 19.Nf5 d5 20.g5 d4
21.gxf6 dxe3 22.Nxe7+ Qxe7 23.fxe7 exd2 24.Bb5 f5 25.Rxd2 fxe4 26.Bc4+ Kh8
27.Rhd1 { 1-0, Ibarra Jerez Jose Carlos 2364 - Chapar Sergey 2267 , Peniscola
2002 Ch Europe (juniors) (under 18) } ) 15.Ng3 { N ^254 ^00 ^00 ^00 ^04 ! } (
15.Nc1 Be6 16.g3 ( 16.g4 Rfc8 ( 16...Rfd8 17.Bxf6 Bxf6 18.g5 Be7 19.Bh3 Bc4
20.b3 Bb5 21.h5 d5 22.exd5 Bc6 23.g6 Bxd5 24.gxf7+ Bxf7 25.Nd3 Qb6 26.Bf5 a5
27.h6 g6 28.Be4 Ra7 29.Qe2 Qa6 30.Rde1 Qe6 31.Qf2 { ...0-1, Tringov Georgi P
2455 - Kupreichik Viktor D 2535 , Plovdiv 1980 } ) 17.Bd3 Qb6 18.Be3 Qb7 19.h5
Nd7 20.g5 Nc5 21.g6 fxg6 22.hxg6 hxg6 23.Rdg1 Bf7 24.Qh2 Be6 25.Qh7+ Kf8
26.Bxc5 Rxc5 27.Rxg6 Bc8 28.Qh8+ Kf7 29.Rxg7+ Ke6 30.Qh3+ { 1-0, Pelletier
Katherine 2096 - An Zhixiao, Halkidiki 2003 Ch World (juniors) (under 14) (g)
} ) 16...Rfd8 17.Bxf6 Bxf6 18.Bh3 Bc4 19.Qe1 Qb6 20.b3 Be6 21.Nd3 a5 22.Bxe6
fxe6 23.Nb2 Rac8 24.Rh2 d5 25.Rhd2 Qb7 26.Rd3 Rc5 27.R1d2 Rc3 28.Nd1 d4 29.Nb2
Qc7 30.Qf2 Rc8 31.Na4 Qc6 32.Qe2 Qc7 33.Qd1 Rc6 34.Rf2 Qe7 { ...1/2-1/2,
Sulskis Sarunas 2567 - Shengelia Davit 2457 , Batumi 2002 Ch Europe } ) (
15.c4 Be6 16.Ng3 Rfd8 17.Bd3 Rac8 18.Rc1 h6 19.Bxf6 Bxf6 20.Nh5 Be7 21.g4 Kh8
22.Ng3 Rc6 23.g5 Rdc8 24.Nf5 Bf8 25.gxh6 g6 26.Rhg1 Qd8 27.h5 gxf5 28.exf5
Bxc4 29.Bxc4 Rxc4 30.f6 Qxf6 31.Qg2 Rxc1+ 32.Rxc1 Rxc1+ 33.Kxc1 Bxh6+ 34.Kc2
d5 { ...0-1, Sax Gyula 2542 - Shengelia Davit 2496 , Diezisau 2003 It (open) }
) 15...Be6 16.b3 Rfc8 17.Bd3 Rc5 18.Nh5 Nxh5 19.Bxe7 Rac8 { ? } ( 19...Qc7 {
!? } 20.Bg5 a5 21.g4 Nf4 { } ) 20.Bxd6 Rc3 21.Qg5 f6 { } ( 21...Nf6 { !? }
22.Qxe5 Qb6 23.Qf4 R3c6 { } ) 22.Qxh5 Qa3 23.Bxe5 { ! } ( 23.f4 { ?! }
23...Bxb3 24.cxb3 Rxb3+ 25.axb3 { } ) 23...Bf7 { ?! } ( 23...Qa5 { !? } 24.f4
R3c6 25.Rhf1 Rc5 { } ) 24.Qf5 R8c6 25.Bc4 { } {#r} 1-0

[Event "Ch Germany"]
[Site "masterchessopen.com Hoeckendorf (Germany)"]
[Date "2004.02.03"]
[Round "5"]
[White "Bindrich Falko (GER)"]
[Black "Meins Gerlef (GER)"]
[Result "0-1"]
[WhiteElo "2351"]
[BlackElo "2440"]

1.e4 c5 2.Nf3 Nc6 3.d4 cxd4 4.Nxd4 Nf6 5.Nc3 d6 6.Bg5 e6 7.Qd2 Be7 8.O-O-O
Nxd4 9.Qxd4 O-O 10.f3 Bd7 11.Qd2 Bc6 12.Kb1 d5 13.Bxf6 Bxf6 14.exd5 Bxc3
15.Qxc3 Bxd5 16.Bd3 Rc8 17.Qe5 Qb6 18.Qh5 h6 19.h4 Qa5 20.b3 Rc3 21.Rh3 Rfc8
22.Qe5 f6 23.Qe3 Qc7 24.Qe1 Rxc2 25.Bxc2 Qxc2+ 26.Ka1 Bxb3 27.axb3 Rc6 28.Rd8+
Kf7 29.Rd7+ Ke8 30.Rd5 Qxb3 31.Ra5 Rc2 {#R} 0-1

[Event "Ch Germany"]
[Site "masterchessopen.com Hoeckendorf (Germany)"]
[Date "2004.02.06"]
[Round "8"]
[White "Heinemann Thies (GER)"]
[Black "Meins Gerlef (GER)"]
[Result "1-0"]
[WhiteElo "2453"]
[BlackElo "2440"]

1.e4 c5 2.Nf3 Nc6 3.d4 cxd4 4.Nxd4 Nf6 5.Nc3 d6 6.Bg5 e6 7.Qd2 Be7 8.O-O-O
Nxd4 9.Qxd4 O-O 10.Qd2 h6 11.Bf4 e5 12.Be3 Be6 13.Kb1 a6 14.f3 Qc7 15.g4 Rad8
16.Nd5 Nxd5 17.exd5 Bc8 18.Rg1 Bf6 19.Bd3 Qe7 20.h4 Bxh4 21.Bxh6 f5 22.gxf5
Bf6 23.Be4 Kf7 24.Bxg7 Bxg7 25.Rxg7+ Kxg7 26.Qg2+ {#r} 1-0

[Event "It (open) \"]
[Site "masterchessopen.com Moscow (Russia)"]
[Date "2004.02.19"]
[Round "3"]
[White "Pogonina Natalija (RUS)"]
[Black "Bakre Tejas (IND)"]
[Result "0-1"]
[WhiteElo "2385"]
[BlackElo "2491"]

1.e4 c5 2.Nf3 d6 3.d4 cxd4 4.Nxd4 Nf6 5.Nc3 Nc6 6.Bg5 e6 7.Qd2 Be7 8.O-O-O O-O
9.Be2 Nxe4 10.Bxe7 Nxd2 11.Bxd8 Nxd4 12.Be7 Re8 13.Bxd6 Nxe2+ 14.Kxd2 Nxc3
15.Kxc3 Bd7 16.b3 Bc6 17.f3 e5 18.Rhe1 f6 19.Kb2 Kf7 20.c4 g5 21.b4 a6 22.h3
Rad8 23.Kb3 e4 24.fxe4 Bxe4 25.g3 Bf3 {#R} 0-1

[Event "It (open)"]
[Site "masterchessopen.com Cappelle la Grande (France)"]
[Date "2004.03.03"]
[Round "6"]
[White "Inarkiev Ernesto (RUS)"]
[Black "Czarnota Pawel (POL)"]
[Result "1-0"]
[WhiteElo "2604"]
[BlackElo "2416"]

1.e4 c5 2.Nf3 d6 3.d4 cxd4 4.Nxd4 Nf6 5.Nc3 Nc6 6.Bg5 e6 7.Qd2 Be7 8.O-O-O O-O
9.f3 d5 10.exd5 Nxd5 11.Bxe7 Ncxe7 12.Bc4 Nxc3 13.Qxc3 Nd5 14.Qd2 Nb6 15.Bb3
Bd7 16.Qf4 Qf6 17.Qxf6 gxf6 18.f4 f5 19.h3 h5 20.g4 hxg4 21.hxg4 fxg4 22.Rdg1
Kg7 23.Rxg4+ Kf6 24.Rh6+ Ke7 25.Rg7 Nd5 26.f5 Rh8 27.fxe6 Rxh6 28.Rxf7+ Ke8
29.Rxd7 Ne7 30.Rxe7+ {#r} 1-0

[Event "It (open)"]
[Site "masterchessopen.com Dos Hermanas (Spain)"]
[Date "2004.03.25"]
[Round "1"]
[White "Del Rio Angelis Salvador G (ESP)"]
[Black "Dominguez Corrales J"]
[Result "1-0"]
[WhiteElo "2491"]
[BlackElo "1872"]

1.e4 c5 2.Nf3 d6 3.d4 cxd4 4.Nxd4 Nf6 5.Nc3 Nc6 6.Bg5 e6 7.Qd2 Be7 8.O-O-O O-O
9.f3 a6 10.h4 Qb6 11.Be3 Nxd4 12.Bxd4 Qc6 13.g4 b5 14.g5 Nd7 15.Kb1 b4 16.Ne2
a5 17.h5 e5 18.Be3 Ba6 19.Ng3 Rfd8 20.Nf5 Bf8 21.Qg2 Nc5 22.Bxa6 Nxa6 23.Nh6+
{#r} 1-0

[Event "It (open) (juniors) (under 20) (g)"]
[Site "masterchessopen.com Busevec (Croatia)"]
[Date "2004.06.12"]
[Round "6"]
[White "Mijovic Aleksandra (MNE)"]
[Black "Hlavac Iva (CRO)"]
[Result "1-0"]
[WhiteElo "2152"]
[BlackElo "1874"]

1.e4 c5 2.Nf3 Nc6 3.d4 cxd4 4.Nxd4 d6 5.Nc3 Nf6 6.Bg5 e6 7.Qd2 Be7 8.O-O-O O-O
9.f3 a6 10.g4 Qc7 11.h4 b5 12.Be3 b4 13.Nce2 Nxd4 14.Nxd4 Bb7 15.h5 Rac8 16.g5
Nxe4 17.fxe4 e5 18.Nb3 Bxe4 19.Rh2 Qb7 20.Bd3 Bf3 21.Rg1 e4 22.Be2 Bxe2
23.Qxe2 g6 24.Qg4 Qd5 25.Rgh1 f5 26.gxf6 Rxf6 27.Qxc8+ {#r} 1-0

[Event "Tournament (Elo)"]
[Site "masterchessopen.com Amay (Belgium)"]
[Date "2004.06.25"]
[Round "8"]
[White "Lanneau Bertrand (BEL)"]
[Black "Memeti Kastriot (BEL)"]
[Result "1-0"]
[WhiteElo "2173"]
[BlackElo "2187"]

1.e4 c5 2.Nf3 Nc6 3.d4 cxd4 4.Nxd4 Nf6 5.Nc3 e6 6.Bg5 d6 7.Qd2 Be7 8.O-O-O Bd7
9.Ndb5 Qb8 10.Nxd6+ Bxd6 11.Qxd6 Qxd6 12.Rxd6 Ke7 13.Rd2 h6 14.Bh4 g5 15.Bg3
Ng4 16.Bb5 a6 17.Rhd1 Rhd8 18.h3 Nf6 19.Bd6+ Ke8 20.e5 Ng8 21.Be2 Bc8 22.Ne4
b5 23.Bf3 {#r} 1-0

[Event "Ch Paris (open)"]
[Site "masterchessopen.com Paris (France)"]
[Date "2004.07.05"]
[Round "3"]
[White "Kveinys Aloyzas (LTU)"]
[Black "Bitalzadeh Ali (NED)"]
[Result "1-0"]
[WhiteElo "2531"]
[BlackElo "2289"]

1.e4 c5 2.Nf3 d6 3.d4 cxd4 4.Nxd4 Nf6 5.Nc3 Nc6 6.Bg5 e6 7.Qd2 Be7 8.O-O-O
Nxd4 9.Qxd4 O-O 10.f3 a6 11.h4 Qc7 12.h5 h6 13.Bh4 Rd8 14.g4 Nh7 15.Bxe7 Qxe7
16.e5 d5 17.f4 f6 18.Bd3 fxe5 19.Bxh7+ Kxh7 20.Qxe5 Qf6 21.Qe3 Rf8 22.Rhf1 Bd7
23.Ne4 Qd8 24.Nc5 Re8 25.g5 b6 26.Nd3 Rf8 27.Rg1 Rf5 28.gxh6 gxh6 29.Ne5 Bb5
30.Rg6 Qe7 31.Qg3 Ra7 32.Rxh6+ {#r} 1-0

[Event "It (open)"]
[Site "masterchessopen.com Gent (Belgium)"]
[Date "2004.07.19"]
[Round "0"]
[White "Vroombout Enrico (NED)"]
[Black "Bus Tom (NED)"]
[Result "0-1"]
[WhiteElo "2169"]
[BlackElo "2186"]

1.e4 c5 2.Nf3 Nc6 3.d4 cxd4 4.Nxd4 Nf6 5.Nc3 d6 6.Bg5 e6 7.Qd2 Be7 8.O-O-O O-O
9.f3 a6 10.g4 Qc7 11.Be3 b5 12.g5 Nd7 13.f4 Nxd4 14.Bxd4 b4 15.Ne2 Nc5 16.Ng3
b3 17.Kb1 bxa2+ 18.Ka1 e5 19.Be3 Rb8 20.f5 Qb7 21.b3 Nxb3+ 22.cxb3 Qxb3 23.Bd3
d5 24.Qc2 Qa3 25.f6 Bb4 26.Rc1 Be6 27.exd5 Rfc8 28.Bxh7+ Kf8 29.Qb2 Bc3
30.Qxc3 Rxc3 {#R} 0-1